01394nam a2200301 a 450000100100000000500170001000800410002702000150006804000250008308200200010810000510012824500930017926000640027230000210033649000290035750000710038660000790045765000300053665000320056670000350059870000350063383000340066804900090070295201180071195201230082995201230095299900170107500001614620200929164307.0100226s2006 dr 000 0 spa d a1932271635 aDO-SdBNPbspacBNPHU a894.5114bF347c1 aFerdinandy, Georges,c(György)d1935-93614410aCielos vacíos /cGeorges Ferdinandy ; traducción María T. Reyes, Liesl M. Malaret. aSan Juan, Puerto Rico:aSanto Domingo :bIsla Negra,c2006. a105 p. ;c23 cm.1 aEl rostro y la máscara aIncluye datos biográficos del autor en la solapa de la cubierta.14aFERDINANDY, GEORGES,tCIELOS VACÍOSxCRÍTICA E INTERPRETACIÓN936145 4aCuentos húngaros927397 4aLiteratura húngara9218251 aReyes, María T.,etr.9273981 aMalaret, Liesl M.,etr.936146 0aEl rostro y la máscara9251 aBNPD 0010718PDaGRbGRcCTd2010-02-26iLF1l0o894.5114 F347cp16146-10r2020-06-25w2020-06-25yLFPDZNo se presta 0010718PDaGRbGRcCTd2010-02-26iLF1l0o894.5114 F347cp16146-20r2020-06-25te.2w2020-06-25yLFPDZNo se presta 0010718DSaGRbGRcCTd2010-02-26iLF1l0o894.5114 F347cp16146-30r2020-06-25te.3w2020-06-25yLFDSZNo se presta c15686d15686